1316 1355 1971 1130 1092 1536 1120 1766 1848 1018 1944 1938 1000 1040 1521 1255 1270 1708 1632 1285 1123 1697 1304 1537 1923 1102 1110 1738 1944 1858 1246 1301 1724 1757 1847 1078 1863 1212 1239 1319 1304 1027 1461 1527 1544 1869 1496 1306 1179 1575 1104 1995 1429 1134 1957 1830 1876 1676 1624 1741 1587 1958 1780 1303 1327 1985 1531 1399 1186 1629 1987 1404 1316 1198 1283 1107 1549 1953 1330 1288 1132 1088 1252 1624 1020 1582 1711 1870 1066 1967 1006 1219 1140 1886 1427 1128 1446 1223 1705 BCNSPRNW ULIB Ver.6.0+V

เปลี่ยนเป็นภาษาไทย

Change to English
 แสดงรายละเอียดบรรณานุกรม
  กลับหน้าหลัก

Brief Record : Get Marc (ISO 2709) : E-mail record : QR code < ปิดหน้าต่าง
LEADER : 00000nam 2200000uu 4500
001    13399123131
003     ULIB
008    140330s2552||||th 000 0 tha d
020    ^a9786115020133
090    ^aนว.^bม946พ 2552
100 0  ^aโมริสา
245 00 ^aพยัคฆ์ร้ายในสายหมอก/^cโมริสา
260    ^aกรุงเทพฯ :^bSugarBeat,^c2552
300    ^a 327 หน้า
945    ^p220^l0^i027755
999    ^aเกษร โพธิ์สุวรรณ
รายการนี้ยังไม่มีแท็ก
คุณยังไม่ได้ล็อกอิน คุณสามารถมีกิจกรรมร่วมกับเว็บไซต์ได้ แต่ต้องล็อกอินก่อน ::
  ล็อกอิน

รายการสื่อสารสนเทศ

ลำดับที่ ประเภท เลขเรียก/บาร์โค้ด สถานที่ สถานะ
1. นวนิยาย
นวนิยาย
นว. ม946พ 2552  
  Barcode: 027755
ห้องสมุดวิทยาเขตสวรรค์ประชารักษ์
►วิจัย
บนชั้น

BibComment


ยังไม่เคยถูกคอมเมนท์

คอมเมนท์ทรัพยากรรายการนี้
  คอมเมนท์: พยัคฆ์ร้ายในสายห..


 Copyright 2026. Bcnsprnw @Library